Catalog

Record Details

Catalog Search



Ordeal of the mountain man : Mountain man  Cover Image CD Audiobook CD Audiobook

Ordeal of the mountain man : Mountain man / WIlliam W. Johnstone.

Summary:

The Wyoming tinderbox of Muddy Gap is feeling none too friendly ever since the Grubbs gang tore through on a hellraising rampage. And it's far from over. Because what the vicious Utah Jack Grubbs would really kill for just rode into town: Smoke Jensen, and a small fortune in rawhide. Smoke needed a break from driving a herd of remounts north when he showed up in Muddy Gap. Now, he's on the run again, headed for the Montana wilds, with Grubbs and his men shadowing his trail. As if that wasn't trouble enough, Chief Iron Claw's bloodthirsty Cheyenne warriors have just appeared on the horizon. It isn't long before a war between the white man's greed and the red man's savagery turns the peaceful Bighorn Mountains into a simmering powderkeg. Caught in the middle, with no way out, Smoke Jensen is just the man to set off the explosion. Either way, this mountain man could end up dead.

Record details

  • ISBN: 9781541432925
  • ISBN: 1541432924
  • ISBN: 9781665203036
  • ISBN: 166520303X
  • ISBN: 9781665203043
  • ISBN: 1665203048
  • Physical Description: 6 audio discs (7 hr., 26 min.) ; 4 3/4 in.
  • Edition: Unabridged.
  • Publisher: [Old Waybrook, CT] : Tantor Audio, [2021]

Content descriptions

General Note:
Title from web page.
Participant or Performer Note:
Read by J. Rodney Turner.
Subject: Jensen, Smoke > Fiction.
Rocky Mountains > Fiction.
Mountain life > Fiction.
Outlaws > Fiction.
Cheyenne Indians > Fiction.
Gunfights > Fiction.
Frontier and pioneer life > Fiction.
West (U.S.) > History > Fiction.
Wyoming > Fiction.
Rocky Mountains > Fiction.
Genre: Western fiction.
Audiobooks.

Available copies

  • 1 of 1 copy available at scottsboropl.

Holds

  • 0 current holds with 1 total copy.
Show Only Available Copies
Location Call Number / Copy Notes Barcode Shelving Location Status Due Date
scottsboropl BK/CD Joh 32269001173130 Adult - Audiobook Available -

LDR 03723cim a2200817 i 4500
001156264
003SBPL
00520210723163201.0
008201221s2021 ctunnnn f n eng d
007sd fsngnnmmned
020 . ‡a9781541432925
020 . ‡a1541432924
020 . ‡a9781665203036
020 . ‡a166520303X
020 . ‡a9781665203043
020 . ‡a1665203048
0243 . ‡a9781541432925
035 . ‡a(OCoLC)1227625735
050 4. ‡aPS3560.O415 ‡bO73 2021ab
08204. ‡a813/.6 ‡223
1001 . ‡aJohnstone, William W.,: ‡eauthor.
24510. ‡aOrdeal of the mountain man : ‡bMountain man / ‡cWIlliam W. Johnstone.
250 . ‡aUnabridged.
264 1. ‡a[Old Waybrook, CT] : ‡bTantor Audio, ‡c[2021]
300 . ‡a6 audio discs (7 hr., 26 min.) ; ‡c4 3/4 in.
306 . ‡a072600
336 . ‡aspoken word ‡bspw ‡2rdacontent
337 . ‡aaudio ‡bs ‡2rdamedia
338 . ‡aaudio disc ‡bsd ‡2rdacarrier
344 . ‡adigital ‡2rdatr
344 . ‡boptical ‡2rdarm
344 . ‡c1.4 m/s
347 . ‡aaudio file ‡2rdaft
347 . ‡bCD audio
4901 . ‡aMountain man series ; ‡vbk 17
500 . ‡aTitle from web page.
5110 . ‡aRead by J. Rodney Turner.
520 . ‡aThe Wyoming tinderbox of Muddy Gap is feeling none too friendly ever since the Grubbs gang tore through on a hellraising rampage. And it's far from over. Because what the vicious Utah Jack Grubbs would really kill for just rode into town: Smoke Jensen, and a small fortune in rawhide. Smoke needed a break from driving a herd of remounts north when he showed up in Muddy Gap. Now, he's on the run again, headed for the Montana wilds, with Grubbs and his men shadowing his trail. As if that wasn't trouble enough, Chief Iron Claw's bloodthirsty Cheyenne warriors have just appeared on the horizon. It isn't long before a war between the white man's greed and the red man's savagery turns the peaceful Bighorn Mountains into a simmering powderkeg. Caught in the middle, with no way out, Smoke Jensen is just the man to set off the explosion. Either way, this mountain man could end up dead.
60010. ‡aJensen, Smoke ‡vFiction.
651 0. ‡aRocky Mountains ‡vFiction.
650 0. ‡aMountain life ‡vFiction.
650 0. ‡aOutlaws ‡vFiction.
650 0. ‡aCheyenne Indians ‡vFiction.
650 0. ‡aGunfights ‡vFiction.
650 0. ‡aFrontier and pioneer life ‡vFiction.
651 0. ‡aWest (U.S.) ‡xHistory ‡vFiction.
651 0. ‡aWyoming ‡vFiction.
651 0. ‡aRocky Mountains ‡vFiction.
655 7. ‡aWestern fiction. ‡2lcgft
655 7. ‡aAudiobooks. ‡2lcgft
7001 . ‡aTurner, J. Rodney,: ‡enarrator.
8001 . ‡aMountain man ; ‡vbk 17
901 . ‡a156264 ‡b ‡c156264 ‡tbiblio

Additional Resources